Եղիշե Չարենց : (Record no. 6875)
[ view plain ]
| 000 -LEADER | |
|---|---|
| fixed length control field | 01070nam a2200253 a 4500 |
| 001 - CONTROL NUMBER | |
| control field | 000019664 |
| 003 - CONTROL NUMBER IDENTIFIER | |
| control field | AM-YEHGA |
| 005 - DATE AND TIME OF LATEST TRANSACTION | |
| control field | 20250618070814.0 |
| 008 - FIXED-LENGTH DATA ELEMENTS--GENERAL INFORMATION | |
| fixed length control field | 001018s1977 ai |||||||||||arm d |
| 040 ## - CATALOGING SOURCE | |
| Original cataloging agency | AM-YeHGA |
| 041 0# - LANGUAGE CODE | |
| Language code of text/sound track or separate title | arm |
| 090 ## - LOCALLY ASSIGNED LC-TYPE CALL NUMBER (OCLC); LOCAL CALL NUMBER (RLIN) | |
| -- | 6919 |
| 245 00 - TITLE STATEMENT | |
| Title | Եղիշե Չարենց : |
| Remainder of title | Տարեգրություն ; Մատենագիտություն ; Ասույթներ / |
| Statement of responsibility, etc. | Կազմ.՝ Ռ.Ա. Ղազարյան, Վ.Ա. Պապյան ; Խմբ.՝ Գ.Մ. Խաչատրյան ; ՀՍՍՀ գրքասեր. ընկ. |
| 260 ## - PUBLICATION, DISTRIBUTION, ETC. | |
| Place of publication, distribution, etc. | Երևան : |
| Name of publisher, distributor, etc. | Սովետական գրող, |
| Date of publication, distribution, etc. | 1977. |
| 300 ## - PHYSICAL DESCRIPTION | |
| Extent | 80 էջ. : |
| Other physical details | դիմանկ., լուսանկ. ; |
| Dimensions | 17 սմ. |
| 440 #0 - SERIES STATEMENT/ADDED ENTRY--TITLE | |
| Title | Գրքասերի գրադարան |
| 600 14 - SUBJECT ADDED ENTRY--PERSONAL NAME | |
| Personal name | Չարենց, Եղիշե Աբգարի, |
| Dates associated with a name | 1897-1937 |
| 9 (RLIN) | 1327 |
| 650 14 - SUBJECT ADDED ENTRY--TOPICAL TERM | |
| Topical term or geographic name entry element | Մատենագիտություն |
| 700 1# - ADDED ENTRY--PERSONAL NAME | |
| Personal name | Ղազարյան, Ռ.Ա. |
| Relator term | կազմ. |
| Relationship | com |
| 700 1# - ADDED ENTRY--PERSONAL NAME | |
| Personal name | Պապյան, Վ.Ա. |
| Relator term | կազմ. |
| Relationship | com |
| 700 1# - ADDED ENTRY--PERSONAL NAME | |
| Personal name | Խաչատրյան, Խ.Գ. |
| Relator term | խմբ. |
| Relationship | edt |
| 710 2# - ADDED ENTRY--CORPORATE NAME | |
| Corporate name or jurisdiction name as entry element | ՀՍՍՀ գրքասերների ընկերություն |
| 942 ## - ADDED ENTRY ELEMENTS (KOHA) | |
| Koha item type | Գրքեր / Books |
| Withdrawn status | Lost status | Damaged status | Not for loan | Collection | Home library | Current library | Date acquired | Total checkouts | Full call number | Barcode | Date last seen | Price effective from | Koha item type | Public note | Cost, replacement price |
|---|---|---|---|---|---|---|---|---|---|---|---|---|---|---|---|
| General | Fundamental Scientific Library | Fundamental Scientific Library | 21/12/2016 | AI/15155 | FL0055586 | 21/12/2016 | 21/12/2016 | Գրքեր / Books | 30 Days Loan | ||||||
| General | Fundamental Scientific Library | Fundamental Scientific Library | 21/12/2016 | AI/15171 | FL0055620 | 21/12/2016 | 21/12/2016 | Գրքեր / Books | 30 Days Loan | 90.00 | |||||
| General | Fundamental Scientific Library | Fundamental Scientific Library | 21/12/2016 | AI/15172 | FL0055621 | 21/12/2016 | 21/12/2016 | Գրքեր / Books | 30 Days Loan | 90.00 |
ՀՀ Գիտությունների ազգային ակադեմիայի հիմնարար գիտական գրադարան = Fundamental Scientific Library of NAS RA
All site content, except where otherwise noted, is licensed under a